|
|
|
|
| LEADER |
00939nam a22002652a 4500 |
| 001 |
000897354 |
| 003 |
CZ BrMZK |
| 005 |
20080515180507.0 |
| 007 |
ta |
| 008 |
080515s1981 gw er|||||||||||ger d |
| 040 |
|
|
|a BOA001
|b cze
|
| 041 |
1 |
|
|a ger
|h fre
|
| 080 |
9 |
|
|a 78.071.2(44)"19":92 Guilbert
|
| 100 |
1 |
|
|a Guilbert, Yvette,
|d 1868-1944
|7 jn19990002976
|4 aut
|
| 245 |
1 |
4 |
|a Die Kunst, ein Chanson zu singen /
|c mit 10 Chansons aus dem Repertoire der Yvette Guilbert in Nachdichtungen von Bettina Wegner ; hrsg. von Walter Rösler
|
| 250 |
|
|
|a 1. Aufl.
|
| 260 |
|
|
|a Berlin :
|b Henschelverlag Kunst und Gesellschaft,
|c 1981
|
| 300 |
|
|
|a 173 s.
|
| 500 |
|
|
|a Přeloženo z francouzštiny
|
| 700 |
1 |
|
|a Rösler, Walter
|4 edt
|
| 765 |
0 |
|
|t Art de chanter une chanson
|9 Německy
|
| 910 |
|
|
|a BOA001
|b 1-0848.214
|
| 990 |
|
|
|a BK
|
| 991 |
|
|
|b 200805
|
| 996 |
7 |
|
|b 2619582513
|c 1-0848.214
|l MZK
|r Sklad / do 1 hodiny
|n 0
|w 000897354
|u 000010
|a 1
|e BOA001
|j MZK50
|s A
|